Nomad: (Record no. 190097)
[ view plain ]
| 000 -LEADER | |
|---|---|
| fixed length control field | 00553nam a22001817a 4500 |
| 005 - DATE AND TIME OF LATEST TRANSACTION | |
| control field | 20231114154349.0 |
| 010 ## - LCCN (DPL NO) | |
| LC control number | ENG-133634 |
| 020 ## - INTERNATIONAL STANDARD BOOK NUMBER | |
| Terms of availability | 150.00 |
| 035 ## - SYSTEM CONTROL NUMBER | |
| System control number | EN-117166 |
| 037 ## - SOURCE OF ACQUISITION | |
| Source of stock number/acquisition | DBAD/PUB |
| 082 ## - DEWEY DECIMAL CLASSIFICATION NUMBER | |
| Classification number | 881 |
| 100 ## - MAIN ENTRY--PERSONAL NAME | |
| Personal name | Raghavan, P. |
| 245 ## - TITLE STATEMENT | |
| Title | Nomad: |
| Remainder of title | Notable Notes (Poetic) of A/ |
| Statement of responsibility, etc | By P. Raghavan |
| 260 ## - PUBLICATION, DISTRIBUTION, ETC. (IMPRINT) | |
| Place of publication, distribution, etc | Chennai |
| Name of publisher, distributor, etc | R. Lakshmi Publishers |
| 270 ## - ADDRESS | |
| Address | 91, Ist Avenue, Ashok Nagar |
| City | Chennai |
| Postal code | 600083 |
| Electronic mail address | p_raghavan@rediffmail.com |
| Telephone number | 91-44-23712080 |
| 300 ## - PHYSICAL DESCRIPTION | |
| Extent | 123p. |
| Dimensions | 20.8cm(pbk) |
| 942 ## - ADDED ENTRY ELEMENTS (KOHA) | |
| Source of classification or shelving scheme | Dewey Decimal Classification |
| Item type | English Books |
| Classification part | 881 |
| Call number suffix | RAG |
| Withdrawn status | Lost status | Not for loan | Collection code | Home library | Current library | Date acquired | Source of acquisition | Cost, normal purchase price | Full call number | Barcode | Copy number | Cost, replacement price | Koha item type |
|---|---|---|---|---|---|---|---|---|---|---|---|---|---|
| Non-fiction | Bawana | Bawana | 18/07/2022 | DBAD/PUB | 150.00 | 881 RAG | EN-117166 | 1 | 150.00 | English Books |
